Medzinárodné triedenie výrobkov a služieb na účely zápisu ochranných známok podľa Niceskej dohody zo dňa 15. júna 1957

Enregistré dans:
Détails bibliographiques
Format: Livre
Langue:slovaque
anglais
français
allemand
Publié: Banská Bystrica Úrad priemyselného vlastníctva Slovenskej republiky 1997
Édition:6. vyd.
Sujets:
Tags: Ajouter un tag
Pas de tags, Soyez le premier à ajouter un tag!

MARC

LEADER 00000nam a2200000 4500
001 c020101
005 20221128073353.3
020 |a 80-967583-1-4 
041 0 |a slo 
041 0 |a eng 
041 0 |a fre 
041 0 |a ger 
044 |a SK 
245 1 0 |a Medzinárodné triedenie výrobkov a služieb na účely zápisu ochranných známok podľa Niceskej dohody zo dňa 15. júna 1957 
250 |a 6. vyd. 
264 1 |a Banská Bystrica  |b Úrad priemyselného vlastníctva Slovenskej republiky  |c 1997 
300 |a 516 s. 
610 2 0 |a výrobky 
610 2 0 |a služby 
610 2 0 |a známky ochranné 
610 2 0 |a Niceská dohoda 
610 2 0 |a 1957